📖150 premiers mots "La nostalgie heureuse" (Amélie Nothomb) - Statistiques

Statistiques générales
  • Ce quiz a Ă©tĂ© pris 17 fois
  • Le rĂ©sultat moyen est 92 sur 150
Statistiques - réponses
Mots % Correct
Ă€
100%
Ă 
100%
a
100%
Il
100%
l'
100%
La
100%
la
100%
le
100%
m'
100%
ma
100%
n'
100%
qu'
100%
que
100%
Que
100%
s'
100%
ai
90%
au
90%
c'
90%
ce
90%
Ce
90%
d'
90%
de
90%
des
90%
du
90%
elle
90%
est
90%
et
90%
les
90%
ne
90%
on
90%
quand
90%
Tout
90%
en
80%
j'
80%
je
80%
me
80%
mon
80%
qui,
80%
son
80%
une
80%
dans
70%
ans,
60%
avec
60%
fait
60%
jamais
60%
mĂŞme.
60%
ni
60%
soi-
60%
années,
50%
Cela
50%
dire
50%
fil
50%
âge
40%
aucun
40%
cinq
40%
moment
40%
tĂŞte?
40%
agi
30%
aime
30%
avais
30%
fut
30%
Japon.
30%
agit
20%
arracha,
20%
corps
20%
décidé
20%
écrire
20%
entendre
20%
pouvais-
20%
première
20%
Très
20%
vrai,
20%
vrai
20%
commençai
10%
cru
10%
devient
10%
éloignait
10%
inventer.
10%
miennes
10%
musique :
10%
pays
10%
raconter.
10%
vécu
10%
approximations. ...
0%
connaître
0%
coupes
0%
efforce
0%
faux
0%
faux.
0%
fiction.
0%
gênèrent.
0%
glisser
0%
habiller
0%
lacunes
0%
laisse
0%
langage.
0%
moyens
0%
parures
0%
poitrine
0%
récit
0%
récit.
0%
suppose
0%
travers
0%
vite,
0%
Aucun quiz correspondant
Distribution des résultats
% des personnes avec chaque résultat
Percentile par nombre de réponses
Votre historique - résultats
Vous n’avez pas pris ce quiz